00591cam2a220021700 4500001001200000008004100012035001900053035001800072100002600090245003700116260001000153949004300163004000600206591002400212591002900236591001700265591003500282591002800317909000900345999001900354zam00003291951128s1973 xx eng u a(Sirsi) r20623 a(MACHINE)SLC.1 aNoordam, D.6A82030.110aIdentification of plant vinises. c1973. aSB736wlccmMAINp2500tBOOKlON-SHELF20623 aClass code: BS 935. aCourse: Plant pathology. aSchool: S09. aLecturer: Prof. KAPOORIA, R.G. aNumber of Students: 29. aBook c172481d172481